000 00591nam a2200181Ia 4500
003 IN-BaIIA
008 211028s9999 xx 000 0 eng d
020 _a3-7650-0321-2
040 _cIIA Library
080 _a083.8:523.8
_bAPP-2000
110 _aAstronomisches Rechen-Institut
_96078
245 0 _aApparent places of fundamental stars 2000
_bfor 54 stars selected from the sixth catalogue of fundamental stars
_cAstronomisches Rechen-Institut
260 _aHeidelberg
_bAstronomisches Rechen-Institut
_c1999
300 _a20p.
650 _aCatalogue
650 _aStars
942 _cBK
999 _c13456
_d13456